Planning economic development / (Registro nro. 8806)

Detalles MARC
000 -LEADER
fixed length control field 01045nam a2200229Ia 4500
003 - CONTROL NUMBER IDENTIFIER
control field OSt
005 - DATE AND TIME OF LATEST TRANSACTION
control field 20211118124418.0
008 - FIXED-LENGTH DATA ELEMENTS--GENERAL INFORMATION
fixed length control field 210310s1963 eu fr 000 0 eng d
040 ## - CATALOGING SOURCE
Original cataloging agency CO-JMCR
Transcribing agency CO-JMCR
041 0# - LANGUAGE CODE
Language code of text/sound track or separate title eng
082 04 - DEWEY DECIMAL CLASSIFICATION NUMBER
Classification number 338.9 /
Item number H143p
Edition number 23
100 1# - MAIN ENTRY--PERSONAL NAME
Personal name Hagen, Everett E.,
9 (RLIN) 18339
Relator term editor
245 10 - TITLE STATEMENT
Title Planning economic development /
Remainder of title A Study from the Center for International Studies Massachusetts Institute of Technology /
Statement of responsibility, etc. edited by Everett E. Hagen
260 ## - PUBLICATION, DISTRIBUTION, ETC.
Place of publication, distribution, etc. Illinois :
Name of publisher, distributor, etc. Richard D. Irwin, Inc.,
Date of publication, distribution, etc. 1963
300 ## - PHYSICAL DESCRIPTION
Extent x, 380 páginas ;
Dimensions 23 cm.
490 0# - SERIES STATEMENT
Series statement The irwin series in economics
500 ## - GENERAL NOTE
General note Incluye notas a pie de página.
505 0# - FORMATTED CONTENTS NOTE
Formatted contents note An introductory discussion -- A decade of experience with formal planning machinery: there cases in south Asia -- Varying planning procedures in there countries with a decade of rapid growth -- There other cases of special interest -- A summary discussion
650 14 - SUBJECT ADDED ENTRY--TOPICAL TERM
Topical term or geographic name entry element Desarrollo económico
9 (RLIN) 18341
650 24 - SUBJECT ADDED ENTRY--TOPICAL TERM
Topical term or geographic name entry element Economía del desarrollo
9 (RLIN) 41595
942 ## - ADDED ENTRY ELEMENTS (KOHA)
Source of classification or shelving scheme Dewey Decimal Classification
Koha item type Books
Existencias
Withdrawn status Lost status Source of classification or shelving scheme Damaged status Not for loan Collection code Home library Current library Date acquired Source of acquisition Full call number Barcode Date last seen Copy number Koha item type
    Dewey Decimal Classification     Non-fiction Biblioteca Pública José María del Castillo y Rada Biblioteca Pública José María del Castillo y Rada 04/15/2018 Donación 338.9 / H143p 430000835 05/16/2024 Ej.1 Books